Normal view
MARC view
Entry Personal Name
001 - CONTROL NUMBER
- control field: 82504
003 - CONTROL NUMBER IDENTIFIER
- control field: dpl
005 - DATE AND TIME OF LATEST TRANSACTION
- control field: 20250703103635.0
008 - FIXED-LENGTH DATA ELEMENTS
- fixed length control field: 250703|| aca||aabn | a|a d
040 ## - CATALOGING SOURCE
- Original cataloging agency: dpl
- Transcribing agency: dpl
100 ## - HEADING--PERSONAL NAME
- Personal name: ठाकरान, सुरेश
670 ## - SOURCE DATA FOUND
- Source citation: Work cat.: (dpl)195750: स्वामी विवेकानन्द संपूर्ण वाड्मय /, 2017
